000 00789nam a2200217Ia 4500
005 20250108124835.0
008 008 250107s9999 xx 000 0 hin d
037 _aTB
040 _aCRL
_bhin
_cCRL
041 _ahin
_2hin
084 _aR65,6 152Q9
084 _qCRL
100 _aजयउमट, अनिरूद्ध, ले.
245 0 _aअन्य का अभिज्ञान
_cजयउमट, अनिरूद्ध, ले.
260 _aबीकानेर, भारत
_bसूर्य प्रकाशन मन्दिर
_c2395
300 _a124पृ0
365 _aINR
_b150
650 _aहिन्दी कविताहिन्दी साहित्य
_9729733
942 _cTB
_hR65,6 152Q9
999 _c1234783
_d1234783